Normal view
MARC view
Entry Topical Term
001 - CONTROL NUMBER
- control field: 755316
003 - CONTROL NUMBER IDENTIFIER
- control field: OSt
005 - DATE AND TIME OF LATEST TRANSACTION
- control field: 20250507130402.0
008 - FIXED-LENGTH DATA ELEMENTS
- fixed length control field: 250507|| aca||aabn | a|a d
040 ## - CATALOGING SOURCE
- Original cataloging agency: OSt
- Transcribing agency: OSt
150 ## - HEADING--TOPICAL TERM
- Topical term or geographic name entry element: Scandals- Japan; Japan-Social Life and customs; Law-Japan; Scandals-United states
670 ## - SOURCE DATA FOUND
- Source citation: Work cat.: (OSt)1319398: West Mark D. Au., Secrets,sex and specctacle:The rules of scandal in Japan and the United States, 2006
